Panorama : World economic forecast fiancial market trends
Đã lưu trong:
| Định dạng: | Sách |
|---|---|
| Ngôn ngữ: | Undetermined |
| Được phát hành: |
Geneve
Pictet & Cie Banquiers
1992
|
| Những chủ đề: | |
| Các nhãn: |
Thêm thẻ
Không có thẻ, Là người đầu tiên thẻ bản ghi này!
|
| Thư viện lưu trữ: | Trung tâm Học liệu Trường Đại học Cần Thơ |
|---|
| LEADER | 00464nam a2200169Ia 4500 | ||
|---|---|---|---|
| 001 | CTU_83867 | ||
| 008 | 210402s9999 xx 000 0 und d | ||
| 082 | |a 332 | ||
| 082 | |b P195 | ||
| 245 | 0 | |a Panorama : | |
| 245 | 0 | |b World economic forecast fiancial market trends | |
| 260 | |a Geneve | ||
| 260 | |b Pictet & Cie Banquiers | ||
| 260 | |c 1992 | ||
| 650 | |a Financial economic | ||
| 904 | |i Qhieu(sửa) | ||
| 980 | |a Trung tâm Học liệu Trường Đại học Cần Thơ | ||